000
00326nam a2200133Ia 4500
005
20251222155109.0
008
251222s9999||||xx |||||||||||||| ||spa||
082
_a
EMI.44
100
_a
Silva T.
245
0
_a
EnfermerÃa en la unidad de cuidados intensivos
250
_a
3ra. ed.
264
_b
M. Panamericana
942
_c
LIB
999
_c
37987
_d
37987